000 00362nam a22001337a 4500
999 _c54981
_d54981
008 200204b ||||| |||| 00| 0 eng d
041 _aeng
080 _2043.3
_a043.3
082 _2043.3
100 _a0
101 _aBTH
245 _aZhvillimi i Sistemit për Mësimin Online sipas Standardeve të Ndërveprimit Njeri Kompjuter
_cBokshi,G
942 _2udc
_cBK